000 00379nam a2200145Ia 4500
005 20250729165719.0
008 250729s2011 xx 000 0 und d
041 _akan
082 _a494.507 KONB
100 _aDr.N.B.Kongawada
_9231203
245 _aBhashe mattu kannada bhodhane
260 _aGadag
_bVidyanidhi Prakashana
_c2011
300 _a742p
650 _aKannada
_9231204
999 _c239164
_d239164